Score 0/7 Timer 03:00
3 Plays Today
Question Answer Wrong Answers
This man becomes the youngest golfer ever to win the Masters Tournament.
1997
Tiger Woods
90.5%
Phil Mickelson
1.9%
Sergio García
2.3%
David Duval
1.4%
This man, the principal author of the US Declaration of Independence, is born.
1743
Thomas Jefferson
83.5%
James Madison
5.6%
Benjamin Franklin
6.8%
Alexander Hamilton
4.1%
As part of the US Bicentennial celebration, the US Treasury reintroduces this bill as a Federal Reserve Note, on Thomas Jefferson’s 233rd birthday.
1976
$2
64.6%
$50
10.4%
$200
10.3%
$1000
11.7%
This man, a 5-time presidential candidate representing the Socialist Party of America, is imprisoned for speaking out against the draft during World War I.
1919
Eugene V. Debs
53.6%
Samuel Gompers
15.7%
George Meany
13.7%
Thomas R. Donahue
15.2%
American criminal Robert Leroy Parker is born. You might know him better by which nickname?
1866
Butch Cassidy
52.3%
Jesse James
27.7%
Wild Bill
7.6%
Doc Holliday
11.5%
Portugal and the People's Republic of China sign an agreement in which ______ would be returned to China in 1999.
1987
Macau
43%
Hong Kong
41.6%
Tibet
8.8%
Xinjiang
3.1%
At the Academy Awards, Sidney Poitier becomes the first African-American male to win the Best Actor award for the 1963 film ______.
1964
Lilies of the Field
28.4%
Guess Who's Coming to Dinner
37.3%
A Patch of Blue
3.2%
In the Heat of the Night
28.6%
Remove Ads.
Support Sporcle.
Get the best of Sporcle when you Go Orange. This ad-free experience offers more features, more stats, and more fun while also helping to support Sporcle. Thank you for becoming a member.

You're not logged in!

Compare scores with friends on all Sporcle quizzes.
OR
Log In

Show Comments

Extras

Top Quizzes Today


Score Distribution

Your Account Isn't Verified!

In order to create a playlist on Sporcle, you need to verify the email address you used during registration. Go to your Sporcle Settings to finish the process.

Report this User

Report this user for behavior that violates our Community Guidelines.

Details: